La escuela intermedia en debate (Record no. 4895)

MARC details
000 -LEADER
campo de control de longitud fija 01322nmc a2200385 a 4500
003 - IDENTIFICADOR DE NÚMERO DE CONTROL
campo de control AR-BaBNM
005 - FECHA Y HORA DE LA ÚLTIMA TRANSACCIÓN
campo de control 20251128203756.0
008 - DATOS DE LONGITUD FIJA--INFORMACIÓN GENERAL
campo de control de longitud fija 157019s1971 ||||||||||||||000 | spa||
040 ## - FUENTE DE CATALOGACIÓN
Centro/agencia transcriptor AR-BaBNM
245 10 - MENCIÓN DEL TÍTULO
Título La escuela intermedia en debate
260 ## - PUBLICACIÓN, DISTRIBUCIÓN, ETC.
Lugar de publicación, distribución, etc. Buenos Aires
Nombre del editor, distribuidor, etc. Humanitas
Fecha de publicación, distribución, etc. 1971
300 0# - DESCRIPCIÓN FÍSICA
Extensión 333 P.
Otros detalles físicos tablas, diagr.
490 #0 - MENCIÓN DE SERIE
Mención de serie Guidance
Designación de volumen o secuencia v. 8
500 0# - NOTA GENERAL
Nota general Contiene referencias bibliográficas en notas a pie de página
500 1# - NOTA GENERAL
Nota general Contiene en apéndice: las bases para el currículum del primer ciclo de las escuelas de nivel intermedio, boletín para el nivel intermedio, Proyecto de ley de creación del Consejo Federal de Educación
650 #4 - PUNTO DE ACCESO ADICIONAL DE MATERIA--TÉRMINO DE MATERIA
Término de materia o nombre geográfico como elemento de entrada REFORMA DE LA EDUCACION
650 #4 - PUNTO DE ACCESO ADICIONAL DE MATERIA--TÉRMINO DE MATERIA
Término de materia o nombre geográfico como elemento de entrada EDUCACION BASICA
650 #4 - PUNTO DE ACCESO ADICIONAL DE MATERIA--TÉRMINO DE MATERIA
Término de materia o nombre geográfico como elemento de entrada POLITICA EDUCATIVA
651 #4 - PUNTO DE ACCESO ADICIONAL DE MATERIA--NOMBRE GEOGRÁFICO
Nombre geográfico Argentina
653 ## - TÉRMINO DE INDIZACIÓN--NO CONTROLADO
Término no controlado SISTEMA EDUCATIVO
653 ## - TÉRMINO DE INDIZACIÓN--NO CONTROLADO
Término no controlado EDUCACION PRIMARIA
653 ## - TÉRMINO DE INDIZACIÓN--NO CONTROLADO
Término no controlado EDUCACION SECUNDARIA
700 1# - ENTRADA AGREGADA--NOMBRE PERSONAL
Nombre de persona Bravo, Alfredo P.
700 1# - ENTRADA AGREGADA--NOMBRE PERSONAL
Nombre de persona Cirigliano, Gustavo F.J.
700 1# - ENTRADA AGREGADA--NOMBRE PERSONAL
Nombre de persona Ciuccarelli, José A.
700 1# - ENTRADA AGREGADA--NOMBRE PERSONAL
Nombre de persona González Rivero, Julio R.
700 1# - ENTRADA AGREGADA--NOMBRE PERSONAL
Nombre de persona Mérega, Herminia
700 1# - ENTRADA AGREGADA--NOMBRE PERSONAL
Nombre de persona De Montoya, Otilia B.
700 1# - ENTRADA AGREGADA--NOMBRE PERSONAL
Nombre de persona Oñativia, Oscar V.
700 1# - ENTRADA AGREGADA--NOMBRE PERSONAL
Nombre de persona Tula, María Arsenia
700 1# - ENTRADA AGREGADA--NOMBRE PERSONAL
Nombre de persona Villaverde, Aníbal
Término indicativo de función/relación coordinador
800 1# - PUNTO DE ACCESO ADICIONAL DE SERIE--NOMBRE DE PERSONA
Nombre de persona Villaverde, Aníbal
Término indicativo de función/relación director
942 ## - ELEMENTOS DE ENTRADA SECUNDARIOS (KOHA)
Tipo de ítem Koha Libros
998 ## - INFORMACIÓN DE CONTROL LOCAL (RLIN)
Iniciales del catalogador, CIN (RLIN) SILVI
Holdings
Estatus retirado Estado de pérdida Fuente de la clasificación o esquema de estantería Estado de daño No para préstamo Biblioteca de origen Biblioteca actual Fecha de adquisición Total de préstamos Signatura topográfica completa Código de barras Visto por última vez Precio de reemplazo Tipo de ítem Koha
    Clasificación Decimal Dewey     Liberty Liberty 28/11/2025   37.014.3 BRA 064396 28/11/2025 28/11/2025 Libros
    Clasificación Decimal Dewey     Liberty Liberty 28/11/2025   37.014.3 BRA 068257 28/11/2025 28/11/2025 Libros